[Event "Douglas IoM op-B"]
[Site "Douglas"]
[Date "2018.10.24"]
[Round "3"]
[White "Norman, Kenneth I"]
[Black "Fabri, Henrik"]
[Result "1-0"]
[WhiteElo "2083"]
[BlackElo "1928"]
[PlyCount "111"]
[EventDate "2018.10.22"]
[EventType "swiss"]
[EventRounds "7"]
[EventCountry "IOM"]
[SourceTitle "CBM 187 Extra"]
[Source "ChessBase"]
[SourceDate "2018.11.04"]
[SourceVersion "1"]
[SourceVersionDate "2018.11.04"]
[SourceQuality "1"]

1. Nf3 Nf6 2. c4 e6 3. g3 b6 4. Bg2 Bb7 5. 0-0 c5 6. Nc3 Be7 7. d4 cxd4 8. Qxd4 Nc6 9. Qf4 d6 10. b3 0-0 11. Bb2 a6 12. Rad1 Qc7 13. Ba3 Rfd8 14. e4 Rac8 15. Rd2 Ne5 16. Rc1 Ng6 17. Qe3 h6 18. Nd4 d5 19. Bxe7 Qxe7 20. exd5 exd5 21. Qxe7 Nxe7 22. Rcd1 b5 23. Nxd5 Nexd5 24. cxd5 g6 25. Nc6 Re8 26. Na5 Ba8 27. b4 g5 28. d6 Bxg2 29. Kxg2 Nd7 30. Kf1 Kf8 31. Re1 Re6 32. Rxe6 fxe6 33. Ke2 Ke8 34. Ke3 Nb6 35. Ke4 Kd7 36. Nb7 Nd5 37. Rxd5 exd5+ 38. Kxd5 Rf8 39. Nc5+ Kc8 40. Kc6 Rf6 41. f4 gxf4 42. gxf4 h5 43. h4 Rg6 44. f5 Rf6 45. Ne6 Rf7 46. Nc5 Rf6 47. a3 Rh6 48. Ne4 Kd8 49. Ng5 Kc8 50. Ne4 Rh7 51. f6 Rf7 52. Kd5 Rf8 53. Ke6 Re8+ 54. Kf5 Kd7 55. f7 Rf8 56. Kf6 1-0

[Event "Douglas IoM Major op"]
[Site "Douglas"]
[Date "2017.09.26"]
[Round "2"]
[White "Sutton, Daniel"]
[Black "Fabri, Henrik"]
[Result "0-1"]
[WhiteElo "1811"]
[BlackElo "1939"]
[PlyCount "212"]
[EventDate "2017.09.25"]
[EventType "swiss"]
[EventRounds "7"]
[EventCountry "IOM"]
[SourceTitle "CBM 181 Extra"]
[Source "ChessBase"]
[SourceDate "2017.12.12"]
[SourceVersion "1"]
[SourceVersionDate "2017.12.12"]
[SourceQuality "1"]

1. e4 Nf6 2. e5 Nd5 3. d4 d6 4. Nf3 Bg4 5. Be2 e6 6. c4 Nb6 7. Nc3 Be7 8. 0-0 0-0 9. Be3 Nc6 10. b3 Nd7 11. exd6 Bxd6 12. Nb5 Nf6 13. Nxd6 Qxd6 14. Qd2 Rfd8 15. Rfd1 Rd7 16. Qb2 Rad8 17. h3 Bxf3 18. Bxf3 h6 19. Rd2 Ne7 20. Bxb7 c6 21. Ba6 Qb4 22. c5 Ne4 23. Rc2 Qb8 24. Be2 Nd5 25. Bf3 Nef6 26. Rd2 Rb7 27. Qc2 a5 28. Qd3 Rb5 29. Rb1 Rd7 30. Rbb2 Rdb7 31. Rd1 a4 32. Rdb1 Ne7 33. g3 Nfd5 34. Kg2 Nb4 35. Qd2 a3 36. Rc2 Nxc2 37. Qxc2 Rb4 38. Rd1 Qd8 39. Qe4 Ra7 40. g4 Nd5 41. Qd3 Rbb7 42. Qd2 Rd7 43. Bf4 Qa5 44. Bd6 Qxd2 45. Rxd2 Ra8 46. Kg3 Re8 47. Rc2 Rb7 48. Be2 Ra8 49. Bc4 Nf6 50. Kf3 Ne8 51. Bf4 Kf8 52. Re2 Rd7 53. Rd2 Ke7 54. Rd3 Rad8 55. Ke3 g5 56. Bg3 Rb7 57. Rd2 Nf6 58. Bd6+ Kd7 59. Kd3 Ne8 60. Bg3 Nf6 61. Bd6 h5 62. f3 Rh8 63. Be5 Rh6 64. f4 hxg4 65. hxg4 Rh3+ 66. Kc2 Nxg4 67. fxg5 Ne3+ 68. Kc3 Nd5+ 69. Kc2 Nb4+ 70. Kd1 Rh1+ 71. Ke2 Rg1 72. Ke3 Rxg5 73. Rf2 Rf5 74. Rg2 Ra7 75. Rh2 Ra8 76. Ke4 Rg8 77. Ke3 Nd5+ 78. Kd3 Rf3+ 79. Ke2 Rf5 80. Kd3 Rg1 81. Bxd5 exd5 82. Kc3 f6 83. Bd6 Rfg5 84. Kb4 R1g2 85. Rh7+ Rg7 86. Rxg7+ Rxg7 87. Kxa3 Rg4 88. Kb4 Rxd4+ 89. Kc3 Re4 90. b4 Kc8 91. a4 Kb7 92. b5 Rxa4 93. b6 f5 94. Kd3 Re4 95. Bc7 f4 96. Bd6 f3 97. Bg3 Re2 98. Bh4 Rh2 99. Bg3 Rg2 100. Bh4 d4 101. Be1 f2 102. Bxf2 Rxf2 103. Kxd4 Rf5 104. Kc4 Ka6 105. Kb4 Rf4+ 106. Kb3 Kb5 0-1

[Event "Douglas IoM Major op"]
[Site "Douglas"]
[Date "2016.10.09"]
[Round "7"]
[White "Miah, Zahed"]
[Black "Fabri, Henrik"]
[Result "0-1"]
[WhiteElo "1857"]
[BlackElo "1985"]
[PlyCount "76"]
[EventDate "2016.10.03"]
[EventType "swiss"]
[EventRounds "7"]
[EventCountry "IOM"]
[SourceTitle "EXT 2019"]
[Source "ChessBase"]
[SourceDate "2018.10.10"]
[SourceVersion "1"]
[SourceVersionDate "2018.10.10"]
[SourceQuality "1"]

1. e4 Nf6 2. e5 Nd5 3. c4 Nb6 4. c5 Nd5 5. Nc3 Nxc3 6. dxc3 d5 7. cxd6 exd6 8. Bf4 d5 9. Nf3 Be7 10. Bd3 Nd7 11. Nd4 Nc5 12. Nf5 Nxd3+ 13. Qxd3 Bxf5 14. Qxf5 Qd7 15. Qd3 Qe6 16. 0-0 c6 17. Bg3 Bc5 18. Kh1 Qg6 19. Qe2 0-0 20. f4 Qf5 21. Bf2 Be7 22. Bd4 h5 23. Rf3 c5 24. Bf2 Rfd8 25. Rd1 Rd7 26. Rh3 g6 27. Rhd3 Rad8 28. Qf3 Qe6 29. h3 h4 30. g4 hxg3 31. Qxg3 Kg7 32. Rf3 Rh8 33. Kg2 Rh4 34. Be3 d4 35. cxd4 Rd8 36. Re1 c4 37. Bc1 Rdh8 38. Rc3 Bb4 0-1

[Event "Douglas PokerStars op"]
[Site "Douglas"]
[Date "2014.10.12"]
[Round "9"]
[White "Boelhouwer, Collin"]
[Black "Fabri, Henrik"]
[Result "1-0"]
[WhiteElo "2106"]
[BlackElo "1948"]
[PlyCount "125"]
[EventDate "2014.10.04"]
[EventType "swiss"]
[EventRounds "9"]
[EventCountry "IOM"]
[SourceTitle "CBM 162 Extra"]
[Source "ChessBase"]
[SourceDate "2014.10.17"]
[SourceVersion "1"]
[SourceVersionDate "2014.10.17"]
[SourceQuality "1"]

1. e4 Nf6 2. e5 Nd5 3. c4 Nb6 4. d4 d6 5. exd6 exd6 6. Nc3 Nc6 7. Be3 Bf5 8. Nf3 Be7 9. Be2 0-0 10. 0-0 Re8 11. Rc1 Bf6 12. Qd2 h6 13. b3 d5 14. c5 Nc8 15. Ne1 N8e7 16. Bf3 Be6 17. g4 Qd7 18. h3 g5 19. Bd1 Ng6 20. Ng2 Bg7 21. Bc2 Nf4 22. Nxf4 gxf4 23. Bxf4 Nxd4 24. Bd1 h5 25. Be3 Nc6 26. Bh6 f5 27. Bxg7 Qxg7 28. g5 d4 29. Ne2 Rad8 30. Ng3 f4 31. Nxh5 Qxg5+ 32. Kh2 Kh8 33. Rg1 Qh4 34. Nxf4 Bf5 35. Bg4 Bh7 36. Ne6 Rxe6 37. Bxe6 Rf8 38. Rcf1 Rf3 39. Qg5 Qf4+ 40. Qxf4 Rxf4 41. Rg5 d3 42. Kg3 Rd4 43. Rd5 Re4 44. Bf5 Bxf5 45. Rxf5 Rd4 46. Rf4 Rd5 47. Kf3 Rxc5 48. Ke3 Rh5 49. Kxd3 Rxh3+ 50. Ke4 Rh5 51. Rf7 Rh4+ 52. f4 Rh2 53. Rxc7 Rxa2 54. Rxb7 Rc2 55. Kd3 Rc5 56. b4 Rd5+ 57. Kc4 Rf5 58. Rc7 Rf6 59. Kc5 Nd8 60. Rxa7 Ne6+ 61. Kd5 Nxf4+ 62. Ke5 Re6+ 63. Kf5 1-0

[Event "Douglas PokerStars op"]
[Site "Douglas"]
[Date "2014.10.10"]
[Round "7"]
[White "Fabri, Henrik"]
[Black "Allen, Keith"]
[Result "0-1"]
[WhiteElo "1948"]
[BlackElo "2197"]
[PlyCount "40"]
[EventDate "2014.10.04"]
[EventType "swiss"]
[EventRounds "9"]
[EventCountry "IOM"]
[SourceTitle "CBM 162 Extra"]
[Source "ChessBase"]
[SourceDate "2014.10.17"]
[SourceVersion "1"]
[SourceVersionDate "2014.10.17"]
[SourceQuality "1"]

1. e4 e5 2. Nf3 Nc6 3. Bc4 Bc5 4. c3 Nf6 5. d3 a6 6. b4 Ba7 7. a4 d6 8. Qb3 0-0 9. Bg5 Qe7 10. 0-0 h6 11. Be3 Nh5 12. Nbd2 Kh8 13. Qd1 f5 14. Nxe5 Nxe5 15. Qxh5 f4 16. Qe2 Bg4 17. Nf3 Bxf3 18. gxf3 fxe3 19. fxe3 Qg5+ 20. Kh1 Qxe3 0-1

[Event "Douglas PokerStars op"]
[Site "Douglas"]
[Date "2014.10.08"]
[Round "5"]
[White "Fabri, Henrik"]
[Black "Efroimski, Marsel"]
[Result "1-0"]
[WhiteElo "1948"]
[BlackElo "2316"]
[PlyCount "71"]
[EventDate "2014.10.04"]
[EventType "swiss"]
[EventRounds "9"]
[EventCountry "IOM"]
[SourceTitle "CBM 162 Extra"]
[Source "ChessBase"]
[SourceDate "2014.10.17"]
[SourceVersion "1"]
[SourceVersionDate "2014.10.17"]
[SourceQuality "1"]

1. Nf3 d5 2. d4 c6 3. c4 dxc4 4. e3 b5 5. a4 e6 6. b3 cxb3 7. axb5 Qb6 8. Qxb3 Nf6 9. Nc3 Bb7 10. Bc4 Nbd7 11. 0-0 Be7 12. Ba3 Qd8 13. Rfd1 Rb8 14. Ne5 cxb5 15. Bxe6 0-0 16. Nxf7 Rxf7 17. Bxf7+ Kh8 18. Bxe7 Qxe7 19. Rxa7 b4 20. Ne2 Ng4 21. h3 Ngf6 22. Qe6 Qf8 23. Qb3 Qe7 24. Nf4 Nf8 25. Rb1 Rd8 26. Qxb4 Qxf7 27. Rxb7 N8d7 28. Qb3 Qe7 29. Qe6 Qa3 30. Rxd7 Nxd7 31. Qxd7 Rg8 32. Rb7 Qc3 33. Kh2 Qe1 34. Kg3 Qa5 35. Qg4 Qa8 36. Ng6+ 1-0

[Event "Douglas PokerStars op"]
[Site "Douglas"]
[Date "2014.10.07"]
[Round "4"]
[White "Klein, Felix"]
[Black "Fabri, Henrik"]
[Result "1-0"]
[WhiteElo "2286"]
[BlackElo "1948"]
[PlyCount "49"]
[EventDate "2014.10.04"]
[EventType "swiss"]
[EventRounds "9"]
[EventCountry "IOM"]
[SourceTitle "CBM 162 Extra"]
[Source "ChessBase"]
[SourceDate "2014.10.17"]
[SourceVersion "1"]
[SourceVersionDate "2014.10.17"]
[SourceQuality "1"]

1. e4 Nf6 2. e5 Nd5 3. d4 d6 4. Nf3 dxe5 5. Nxe5 c6 6. Be2 Nd7 7. Nf3 g6 8. 0-0 Bg7 9. c4 Nc7 10. Nc3 0-0 11. Bf4 b6 12. Qd2 Re8 13. Rad1 Bb7 14. Rfe1 Rc8 15. Bf1 Ne6 16. Bh6 Ndf8 17. d5 cxd5 18. cxd5 Nc7 19. Bxg7 Kxg7 20. Ne5 f6 21. Ng4 Ba6 22. Bxa6 Nxa6 23. Qh6+ Kg8 24. d6 e6 25. d7 1-0

[Event "Douglas PokerStars op"]
[Site "Douglas"]
[Date "2014.10.06"]
[Round "3"]
[White "Fabri, Henrik"]
[Black "Walton, Alan J"]
[Result "1-0"]
[WhiteElo "1948"]
[BlackElo "2123"]
[PlyCount "97"]
[EventDate "2014.10.04"]
[EventType "swiss"]
[EventRounds "9"]
[EventCountry "IOM"]
[SourceTitle "CBM 162 Extra"]
[Source "ChessBase"]
[SourceDate "2014.10.17"]
[SourceVersion "1"]
[SourceVersionDate "2014.10.17"]
[SourceQuality "1"]

1. d4 e6 2. Nf3 f5 3. c4 Nf6 4. g3 Be7 5. Bg2 d6 6. Nc3 0-0 7. 0-0 Ne4 8. Qc2 Nxc3 9. bxc3 Nc6 10. d5 Na5 11. Qa4 b6 12. Nd4 Bd7 13. Qb4 e5 14. Nc6 Bxc6 15. dxc6 e4 16. Qb5 Qe8 17. f3 Bf6 18. Qd5+ Kh8 19. fxe4 Bxc3 20. Rb1 fxe4 21. Rxf8+ Qxf8 22. Bxe4 Re8 23. Bf4 Qe7 24. Bf3 Qf6 25. Kg2 h6 26. Qh5 Rf8 27. Qd5 g5 28. Be3 Kg7 29. Rc1 Bb2 30. Rh1 Qe5 31. Qxe5+ dxe5 32. Bd5 Rf6 33. Rf1 Bc3 34. Rxf6 Kxf6 35. h4 gxh4 36. g4 Kg7 37. Bf2 Bd2 38. Bxh4 Bg5 39. Bg3 Kf6 40. Kf3 a6 41. Ke4 Bf4 42. Bh4+ Bg5 43. Be1 Bc1 44. Bc3 Bf4 45. c5 Ke7 46. e3 Bh2 47. Kf5 Bg1 48. Bd2 Bh2 49. Kg6 1-0

[Event "Isle of Man op"]
[Site "Port Erin"]
[Date "2013.09.20"]
[Round "1"]
[White "Welch, David"]
[Black "Fabri, Henrik"]
[Result "0-1"]
[WhiteElo "1660"]
[BlackElo "1948"]
[PlyCount "59"]
[EventDate "2013.09.20"]
[EventType "swiss"]
[EventRounds "5"]
[EventCountry "IOM"]
[SourceTitle "EXT 2015"]
[Source "ChessBase"]
[SourceDate "2014.11.20"]
[SourceVersion "1"]
[SourceVersionDate "2014.11.20"]
[SourceQuality "1"]

1. Nf3 Nf6 2. c4 e6 3. Nc3 d5 4. cxd5 exd5 5. d4 Be7 6. Bg5 c6 7. e3 Bg4 8. Qb3 Qb6 9. Qxb6 axb6 10. Ne5 Be6 11. Bd3 h6 12. Bxf6 Bxf6 13. f4 b5 14. f5 Bc8 15. Ng4 Be7 16. 0-0 b4 17. Ne2 Nd7 18. Ng3 h5 19. Ne5 Bf6 20. Nxd7 Bxd7 21. Rfe1 h4 22. Nf1 0-0 23. Re2 Ra5 24. a4 b5 25. b3 c5 26. Rb1 bxa4 27. dxc5 a3 28. Ra2 Rxc5 29. g4 hxg3 30. Nxg3 0-1